Questions Harry Potter et la Chambre des secrets - Statistiques

Statistiques générales
  • Ce quiz a été pris 959 fois
  • Le résultat moyen est 11 sur 14
Statistiques - réponses
Question Réponse % Correct
Qui hante les toilettes des filles où Hermione concocte le Polynectar ? Mimi Geignarde
97%
Quelle langue parle Harry pour ouvrir la chambre ? Fourchelang
96%
Dans quelle prison pour sorciers Hagrid est-il envoyé ? Azkaban
94%
Dans le même film, quelle sorte de créature Dobby déclare-t-il être ? Un elfe de maison
92%
Qui se retrouve accroché au lustre par les lutins de Cornouailles ? Neville
90%
Avec quoi Ron et ses frères viennent sauvés Harry des griifes des Dursley ? Une voiture volante
87%
Pourquoi le sort que lance Ron à Drago se retourne contre lui ? Car sa baguette est cassée
86%
Que cache Harry dans le journal de Tom Jedusor avant de le rendre à Lucius Malefoy ? Une chaussette
84%
La mandragore peut tuer, comment ? Avec son cri
81%
Harry blessé par le Basilic est guéri, par quoi ? Les larmes du Phénix
80%
Dans le film "Harry Potter et la Chambre des secrets", qui est le premier élève pétrifié ? Colin Crivey
75%
De quel sort s'agit-il ? Crachelimace
73%
Qui a ensorcelé le Cognard qui attaque Harry pendant le match de Quidditch ? Dobby
68%
D'après Mcgonagall, où se trouve la chambre des secrets ? Elle est cachée sous Poudlard
5%
Aucun quiz correspondant
Distribution des résultats
% des personnes avec chaque résultat
Percentile par nombre de réponses
Votre historique - résultats
Vous n’avez pas pris ce quiz